Utopía y naturaleza. El Nuevo movimiento ecológico de los campesinos e indígenas de América Latina /
Gardado en:
| Autor Principal: | |
|---|---|
| Formato: | Texto |
| Materias: | |
| Etiquetas: |
Engadir etiqueta
Sen Etiquetas, Sexa o primeiro en etiquetar este rexistro!
|
MARC
| LEADER | 00000 a a2200000 04500 | ||
|---|---|---|---|
| 001 | 10689 | ||
| 003 | |||
| 040 | |||
| 100 | |a Toledo, Víctor M | ||
| 245 | |a Utopía y naturaleza. El Nuevo movimiento ecológico de los campesinos e indígenas de América Latina / |c Víctor M Toledo | ||
| 500 | |a También en: Nueva Sociedad. número 122, noviembre-diciembre 1992 | ||
| 650 | |a MEDIO AMBIENTE | ||
| 650 | |a CAMPESINOS | ||
| 650 | |a POBLACION INDIGENA | ||
| 650 | |a CULTURA | ||
| 650 | |a MOVIMIENTOS SOCIALES | ||
| 650 | |a UTILIZACION DE LOS RECURSOS | ||
| 650 | |a AUTOGESTION | ||
| 773 | |g número 180 -181; páginas 234-249 | ||
| 999 | |c 27547 |d 27547 | ||
